Rap Albums By The Intro Song - Statistics

General Stats
  • This quiz has been taken 185 times
  • The average score is 10 of 26
Answer Stats
Hint Answer % Correct
Wesly's Theory To Pimp a Butterfly
91%
STARGAZING ASTROWORLD
87%
HYAENA UTOPIA
79%
BLOOD. DAMN
76%
Dark Fantasy My Beautiful Dark Twisted Fantasy
73%
We Don't Care The College Dropout
69%
Many Men Get Rich or Die Tryin
68%
On Sight Yeezus
68%
All Girls Are The Same Goodbye & Good Riddance
55%
So Fresh, So Clean Stankonia
50%
Ambitionz Az A Ridah All Eyez on Me
47%
The Illest Villains Madvillainy
38%
Long Time Die Lit
37%
Over My Dead Body Take Care
31%
The Genesis Illmatic
30%
Distorted Records Testing
18%
Down by Law Michael
11%
Invincible Meet The Woo 2
10%
All We Got Coloring Book
9%
Bathtub Doggystyle
9%
Guardian angel Skins
9%
The Library Because the Internet
7%
Lolo 2001
6%
ON THE RIVER Set It Off
6%
So High Stokeley
5%
Get Up 10 Invasion of Privacy
3%
No matching quizzes found
Score Distribution
Percent of People with Each Score
Percentile by Number Answered
Your Score History
You have not taken this quiz